000 00312nam a2200133 i 4500
001 bg
245 0 _aTeorija funkcji, funkcjonalnyj analiz i ich prilożenija.
250 _aVyp.19.
260 _aCharkov,
_c1974.
040 _cBPK
041 _apol
942 _cKS
008 s pl f |000 0 pol
999 _c26308
_d26308
856 _uhttp://koha.tu.koszalin.pl/cgi-bin/koha/opac-detail.pl?biblionumber=26308
_yKatalog online BPK